| 000 | 01075nac a22003011u 4500 | ||
|---|---|---|---|
| 003 | EG-ScBUE | ||
| 005 | 20220906091901.0 | ||
| 008 | 200219t2007 njua f b 001 0 eng d | ||
| 020 | _a9780471793663 (pbk.) | ||
| 040 |
_aEG-ScBUE _beng _erda _cEG-ScBUE _dEG-ScBUE |
||
| 082 | 0 | 4 |
_a720.284 _bYEE _222 |
| 100 | 1 |
_aYee, Rendow, _d1942- _eauthor. _938806 |
|
| 245 | 1 | 0 |
_aArchitectural drawing : _ba visual compendium of types and methods / _cRendow Yee. |
| 250 | _aThird edition. | ||
| 264 | 1 |
_aHoboken, New Jersey : _bJohn Wiley & Sons, _c[2007] |
|
| 264 | 4 | _cc2007 | |
| 300 |
_axvi, 672 pages : _billustrations ; _c28 cm |
||
| 336 |
_2rdacontent _atext _btxt |
||
| 337 |
_2rdamedia _aunmediated _bn |
||
| 338 |
_2rdacarrier _avolume _bnc |
||
| 504 | _aIncludes bibliographical references and index. | ||
| 650 | 7 |
_aArchitectural drawing _xTechnique. _2BUEsh |
|
| 651 | _2BUEsh | ||
| 653 | _bENGARC | ||
| 655 |
_vReading book _934232 |
||
| 856 | 4 | 1 |
_3Table of contents only _uhttp://www.loc.gov/catdir/toc/ecip078/2007001695.html |
| 942 |
_cBB _k720.284 YEE _2ddc |
||
| 999 |
_c8121 _d8121 |
||